=LDR 00000nam 2200000 4500 =001 INLIS000000000000725 =005 20130612085146 =008 ***********************************Ind** =035 ##$$0010-061300000000725 =041 ##$$a Ind =082 ##$$a 301 =090 ##$$a 301, Sha-s =100 ##$$a Shadily, Hassan =245 ##$$a Sosiologi untuk masyarakat Indonesia, Hassan Shadily =260 ##$$a 1983 $b Jakarta =300 ##$$a xiv, 437 hlm, 21 cm =650 ##$$a Sosiologi =850 ##$$a NBPNMAT